| 000 | 00464nam a22001697a 4500 | ||
|---|---|---|---|
| 005 | 20251108173408.0 | ||
| 008 | 250721s2002 xx 000 0 ara d | ||
| 082 | 1 | 4 | _a346.043/مرا |
| 100 | 1 | _aمراد، عبد الفتاح | |
| 245 | 1 | 0 | _aالموسوعة العقارية / |
| 264 | 1 |
_aالإسكندرية : _bمراد، _c(2002). |
|
| 300 | _a2285ص. | ||
| 650 | 1 | 7 | _aالتمويل |
| 650 | 1 | 7 | _aالملكية |
| 942 |
_2ddc _cREF |
||
| 999 |
_c102890 _d102890 |
||